| 000 | 00754nam a2200205Ia 4500 | ||
|---|---|---|---|
| 008 | 110201s9999 xx 000 0 und d | ||
| 082 |
_bB6564 _aD |
||
| 100 | _aटोळ द. श्री. | ||
| 100 | _aदेवळे श.रा. | ||
| 245 | _aश्री अष्टविनायक दर्शन | ||
| 260 | _bआदर्श विद्यार्थी प्रकाशन | ||
| 365 | _b5 | ||
| 600 | _aटोळ द. श्री. | ||
| 600 | _aदेवळे श.रा. | ||
| 630 | _aश्री अष्टविनायक दर्शन | ||
| 700 | _aटोळ द. श्री. | ||
| 700 | _aदेवळे श.रा. | ||
| 730 | _aश्री अष्टविनायक दर्शन | ||
| 942 | _cBOOK | ||
| 999 |
_c832174 _d832171 |
||